[Event "Spring Festival"]
[Site "Budapest HUN"]
[Date "2005.03.25"]
[Round "8"]
[White "Hilmer,F"]
[Black "Lengyel,B"]
[Result "1/2-1/2"]
[WhiteElo "2216"]
[BlackElo "2313"]

1.d4 d5 2.c4 e6 3.Nf3 Nf6 4.g3 Be7 5.Bg2 O-O 6.O-O dxc4 7.Qc2 a6 8.Qxc4 b5
9.Qc2 Bb7 10.Bd2 Be4 11.Qc1 Nbd7 12.Ba5 Rc8 13.Nbd2 Ba8 14.Qc2 Qe8 15.b4 Nd5
16.a3 f5 17.Rac1 Qh5 18.Rfe1 f4 19.e4 fxe3 20.fxe3 Qh6 21.Qb3 g5 22.e4 g4
23.exd5 Bxd5 24.Qe3 Qxe3+ 25.Rxe3 gxf3 26.Nxf3 Nb6 27.Bxb6 cxb6 28.Rec3 Rc4
29.Ne5 Rxd4 30.Nc6 Bf6 31.Nxd4 Bxd4+ 32.Kh1 Bxg2+ 33.Kxg2 Rf2+ 34.Kh3 Bxc3
35.Rxc3 Kf7 36.Rc7+ Kg6 37.Rc6 Kf5 38.Rxb6 e5 39.g4+ Ke4 40.Rxa6 Rf7 41.a4 bxa4
42.Rxa4 Rf3+ 43.Kh4 Rb3 44.Kg5 Kf3 45.h4 e4 46.Ra7 e3 47.Rf7+ Kg2 48.Rxh7 e2
49.Re7 Kf2 50.Rxe2+ Kxe2 51.h5 Kf3 52.h6 Rxb4 53.h7 Rxg4+ 54.Kf6 Rh4 55.Kg7 Rxh7+  1/2-1/2

[Event "7th Foxwoods Open"]
[Site "Connecticut USA"]
[Date "2005.03.25"]
[Round "5"]
[White "Ippolito,D"]
[Black "Bick,J"]
[Result "1/2-1/2"]
[WhiteElo "2390"]
[BlackElo "2214"]

1.Nf3 Nf6 2.c4 e6 3.g3 d5 4.d4 Be7 5.Bg2 O-O 6.O-O dxc4 7.Qc2 a6 8.Qxc4 b5
9.Qc2 Bb7 10.Bg5 Nbd7 11.Bxf6 Nxf6 12.Nbd2 Rc8 13.Nb3 c5 14.dxc5 Be4 15.Qc3 Nd7
16.Rfd1  1/2-1/2

[Event "XXXXII Open"]
[Site "La Roda ESP"]
[Date "2005.03.27"]
[Round "8"]
[White "Matnadze,A"]
[Black "Fernandez Gil,M"]
[Result "1/2-1/2"]
[WhiteElo "2376"]
[BlackElo "2264"]

1.d4 Nf6 2.Nf3 d5 3.c4 e6 4.g3 Be7 5.Bg2 O-O 6.Nc3 c6 7.Qb3 Qb6 8.c5 Qa6
9.O-O b6 10.cxb6 axb6 11.Bf4 Bb7 12.a4 Nbd7 13.Rfc1 Rac8 14.Bh3 Qa5 15.Qd1 Rfd8
16.Ne1 Ne4 17.Nd3 Bf6 18.e3 Nxc3 19.bxc3 c5 20.Bf1 g6 21.h4 Bh8 22.Bg5 Re8
23.h5 Nf6 24.Bxf6 Bxf6 25.Ne5 Bg7 26.Bb5 Re7 27.Qg4 Rcc7 28.Qh4 f6 29.h6 fxe5
30.hxg7 exd4 31.Qf6 Qa8 32.a5 bxa5 33.exd4 Qc8 34.Re1 Rf7 35.Qxe6 Qxe6 36.Rxe6 Kxg7
37.Rxa5 cxd4 38.cxd4 Rf6 39.Re1 Rb6 40.Bf1 Rb4 41.Rd1 Kf6 42.Ra3 Bc8 43.Rf3+ Kg7
44.Re3 Bf5 45.Bg2 Rcc4 46.Bxd5 Rxd4 47.Rxd4 Rxd4  1/2-1/2

[Event "ch-EU"]
[Site "Cork IRL"]
[Date "2005.03.31"]
[Round "10"]
[White "Medvegy,Z"]
[Black "Fox,An"]
[Result "1-0"]
[WhiteElo "2467"]
[BlackElo "2123"]

1.d4 d5 2.c4 e6 3.Nf3 Nf6 4.g3 Be7 5.Bg2 O-O 6.O-O Nbd7 7.Qc2 c6 8.b3 b6
9.Rd1 Bb7 10.Nc3 Rc8 11.e4 h6 12.Bf4 dxe4 13.Nxe4 Nxe4 14.Qxe4 Nf6 15.Qe2 Bd6
16.Ne5 Qe7 17.Rd3 Rfd8 18.Rad1 Bxe5 19.dxe5 Nh7 20.Rd6 Nf8 21.c5 bxc5 22.Be3 Rxd6
23.exd6 Qd7 24.Bxc5 Ra8 25.Qd2 a5 26.Qd4 Bc8 27.Qe4 Ra6 28.h4 Qe8 29.Bd4 Bd7
30.Qg4 e5 31.Qe2 exd4 32.Qxa6 c5 33.Qxa5 Ne6 34.Qa8 Kf8 35.a4 Qxa8 36.Bxa8 c4
37.bxc4 Bxa4 38.Rd2 Ke8 39.Bd5 Kd7 40.Bxe6+ fxe6 41.Rxd4  1-0

[Event "Spring Open"]
[Site "Belgrade SCG"]
[Date "2005.04.02"]
[Round "9"]
[White "Pantovic,D"]
[Black "Jedjini,P"]
[Result "1-0"]
[WhiteElo "2131"]
[BlackElo "1967"]

1.d4 d5 2.Nf3 Nf6 3.c4 e6 4.g3 Be7 5.Bg2 O-O 6.O-O Nbd7 7.Qc2 c6 8.b3 b6
9.Bb2 Bb7 10.Nbd2 Rc8 11.e4 dxe4 12.Nxe4 Nxe4 13.Qxe4 Nf6 14.Qe2 Qc7 15.Rad1 Rfd8
16.Ne5 c5 17.Bxb7 Qxb7 18.Rd3 cxd4 19.Bxd4 Qe4 20.Qxe4 Nxe4 21.Rfd1 f6 22.Nf3 e5
23.Be3 Kf7 24.Ne1 Ke6 25.f3 Nc5 26.Rxd8 Rxd8 27.Rxd8 Bxd8  1-0

[Event "3rd ch-GER Internet Blitz GpA"]
[Site "playchess INT"]
[Date "2005.04.03"]
[Round "2.1"]
[White "Umansky,M"]
[Black "Gramlich,S"]
[Result "0-1"]
[WhiteElo "2477"]
[BlackElo "2064"]

1.d4 d5 2.c4 e6 3.Nf3 Nf6 4.g3 Be7 5.Bg2 O-O 6.O-O a6 7.b3 c5 8.cxd5 Nxd5
9.Bb2 Nc6 10.dxc5 Bxc5 11.a3 b5 12.Qc2 Qb6 13.e4 Nde7 14.b4 Bd4 15.Nc3 Bb7
16.Rad1 Rfd8 17.Rd2 Rd7 18.Rfd1 Rad8 19.h3 e5 20.Kh2 f6 21.Nd5 Nxd5 22.exd5 Rxd5
23.Nxd4 Rxd4 24.Bxd4 Nxd4 25.Qa2+ Kf8 26.f3 Bd5 27.Qb2 Bc4 28.Qc3 Ke7 29.f4 Bd5
30.fxe5 fxe5 31.Qe3 Ke6 32.Rxd4 Bxg2 33.Qg5 Rxd4 34.Rxd4 Qxd4 35.Kxg2 Qe4+
36.Kf2 Qf5+ 37.Qxf5+ Kxf5 38.Ke3 e4 39.g4+ Ke5 40.h4 g6 41.g5 Kd5 42.Ke2 Kd4
43.Kd2 e3+ 44.Ke2 Ke4 45.Ke1 Kf4 46.Ke2 Ke4 47.Ke1 Kf3 48.Kf1 Kg4 49.Ke2 Kxh4
50.Kxe3 Kxg5 51.Kf3 h5 52.Kg3 Kf5  0-1

[Event "It D"]
[Site "Dos Hermanas ESP"]
[Date "2005.04.04"]
[Round "4"]
[White "Diaz Castro,S"]
[Black "Pereira Figueroa,M"]
[Result "1-0"]
[WhiteElo "2252"]
[BlackElo "2089"]

1.c4 Nf6 2.Nf3 e6 3.g3 d5 4.Bg2 Be7 5.d4 Nbd7 6.O-O O-O 7.Nc3 c6 8.Qc2 b6
9.Rd1 Bb7 10.b3 Rc8 11.e4 dxe4 12.Ne5 Qc7 13.Nxd7 Qxd7 14.Nxe4 Nxe4 15.Bxe4 h6
16.Bb2 Rfd8 17.Qe2 Bf6 18.Rd3 Qe7 19.Rad1 g6 20.h4 h5 21.Qf3 Bg7 22.Qe2 Rc7
23.Bc1 Rcd7 24.Bg5 Bf6 25.Qe3 Bxg5 26.hxg5 Qf8 27.Qf4 Re8 28.Qe5 Red8 29.Kg2 Qg7
30.f4 Kf8 31.Kf2 Kg8 32.Qxg7+ Kxg7 33.b4 a6 34.Ke3 Kf8 35.a4 Rc8 36.Rb1 Ke7
37.a5 b5 38.Rc1 Kd8 39.Rd2 Rdc7 40.Rdc2 Kd7 41.cxb5 axb5 42.Rc5 Ba6 43.Bg2 Kd6
44.Rh1 Rf8 45.Bf3 Bb7 46.Ra1 Ba6 47.Rac1 Rfc8 48.R1c2 Bb7 49.Rh2 Ba6 50.Rc1 Rf8
51.g4 hxg4 52.Bxg4 Kd5 53.Rh7 Bb7 54.Bf3+ Kd6 55.Rch1 Ba6 56.Rg7 Rd7 57.Rhh7 Kc7
58.Be4 Bc8 59.Bc2 Kd8 60.Bd3 Kc7 61.Be4 Kd6 62.a6 Ra7 63.Bxg6 Rxa6 64.Rxf7 Rd8
65.Bd3 Ra1 66.g6 Rg1 67.Kf2 Rg4 68.Kf3 Rg1 69.Rh4 Rg8 70.Rg4 Rd1 71.Ke2 Rh1
72.g7 Rh2+ 73.Ke3 Rh3+ 74.Kd2 Kd5 75.Rf8 e5 76.Rxg8 Bxg4 77.Rd8+  1-0

[Event "7th Open"]
[Site "Dubai UAE"]
[Date "2005.04.04"]
[Round "1"]
[White "Burmakin,V"]
[Black "Mamedjarova,T"]
[Result "1-0"]
[WhiteElo "2552"]
[BlackElo "2221"]

1.d4 d5 2.Nf3 Nf6 3.c4 e6 4.g3 Be7 5.Bg2 O-O 6.O-O b6 7.cxd5 exd5 8.Nc3 Bb7
9.Qb3 Ne4 10.Ne5 Nxc3 11.Qxc3 c6 12.Bf4 Bf6 13.Rac1 Bxe5 14.dxe5 Na6 15.Rfd1 Qe7
16.e4 Rfd8 17.Qa3 Qxa3 18.bxa3 dxe4 19.Bxe4 Nc5 20.Bf3 h6 21.Rxd8+ Rxd8 22.Be3 Nd3
23.Rd1 Rd7 24.Bg4 Rd5 25.f4 Nb2 26.Rxd5 cxd5 27.Bd4 Nc4 28.a4 Bc6 29.Bd1 Kf8
30.Kf2 Ke7 31.f5 g6 32.f6+ Ke8 33.h4 h5 34.Kf3 Nd2+ 35.Kf4 Ne4 36.a5 bxa5
37.a3 a6 38.g4 hxg4 39.Bxg4 Bd7 40.Be2 Bb5 41.Bf3 Bc6 42.Bb6 Nd2 43.h5 gxh5
44.Bxh5 Bd7 45.Bxa5 Nc4 46.Bb4 Be6 47.Bd1 Nb2 48.Bc2 Kd7 49.Ke3 Kc6 50.Kd4 Kb5
51.Bb3 Nc4 52.Be7 Kc6 53.Ba4+ Kc7 54.Bb4 Kb6 55.Bd6 Nd2 56.Kc3 Ne4+ 57.Kd4 Nd2
58.Kd3 Ne4 59.Ke3 Nc3 60.Be8 Nb5  1-0

[Event "7th Open"]
[Site "Dubai UAE"]
[Date "2005.04.06"]
[Round "3"]
[White "Miroshnichenko,E"]
[Black "Zhao Xue"]
[Result "1-0"]
[WhiteElo "2628"]
[BlackElo "2478"]

1.Nf3 Nf6 2.c4 e6 3.g3 d5 4.d4 Be7 5.Bg2 O-O 6.Qc2 dxc4 7.Nbd2 Nc6 8.Qxc4 Qd5
9.O-O Rd8 10.e3 a6 11.b3 b5 12.Qe2 Bb7 13.Bb2 Rab8 14.Rac1 Qd7 15.Rfd1 Qe8
16.Ne1 Ba8 17.Nd3 Rb6 18.Rc2 Bd6 19.Rdc1 h6 20.a3 a5 21.Ne5 Ne7 22.e4 Nh7
23.Nd3 Nc6 24.Qe3 Bf8 25.Nf3 Nf6 26.Nfe5 Rc8 27.h3 Rd8 28.Nxc6 Rxc6 29.Rxc6 Bxc6
30.Ne5 Ba8 31.Rxc7 Rc8 32.Rxc8 Qxc8 33.Qd3 h5 34.d5 exd5 35.exd5 h4 36.gxh4 Qc5
37.Nc6 Nh5 38.Qf3 Qc2 39.Be5 Qb1+ 40.Kh2 Nf6 41.h5 Qe1 42.Bg3 Qd2 43.Bf4 Qa2
44.h6 Qxa3 45.hxg7 Bd6 46.Qg3 Ne8 47.Be4 Bxf4 48.Bh7+  1-0

[Event "ch-VIE Prelim w"]
[Site "Hue VIE"]
[Date "2005.04.07"]
[Round "6"]
[White "Nguyen Thi Thanh An"]
[Black "Le Thanh Tu"]
[Result "1/2-1/2"]
[WhiteElo "2358"]
[BlackElo "2283"]

1.Nf3 d5 2.d4 Nf6 3.c4 e6 4.g3 Be7 5.Bg2 O-O 6.O-O dxc4 7.Qc2 a6 8.Qxc4 b5
9.Qc2 Bb7 10.Bf4 Bd6 11.Nbd2 Bxf4 12.gxf4 Qd6 13.e3 Nbd7 14.Rac1 Rac8 15.Nb3 Be4
16.Qe2 c5 17.dxc5 Nxc5 18.Rfd1 Qb6 19.Nxc5 Rxc5 20.Ne5 Bxg2 21.Kxg2 Rfc8
22.Rxc5 Qxc5 23.Rd4 g6 24.a4 Nd5 25.Qf3 Qc2 26.axb5 axb5 27.b4  1/2-1/2

[Event "ch-RUS u18"]
[Site "Nojabrsk RUS"]
[Date "2005.04.08"]
[Round "3"]
[White "Krylov,M RUS"]
[Black "Fatkulin,A"]
[Result "1-0"]
[WhiteElo "2417"]
[BlackElo "2235"]

1.d4 Nf6 2.c4 e6 3.g3 d5 4.Bg2 Be7 5.Nf3 O-O 6.O-O Nbd7 7.Qc2 Ne4 8.Nbd2 f5
9.Ne1 Bf6 10.Ndf3 c5 11.cxd5 exd5 12.dxc5 Ndxc5 13.Be3 b6 14.Nd4 Ba6 15.Nef3 Rc8
16.b4 Ne6 17.Qa4 Nxd4 18.Nxd4 Bc4 19.Rac1 a6 20.Bf3 Be5 21.Rfd1 Qf6 22.Qd7 Rce8
23.Nxf5 Nc3 24.Rxc3 Bxc3 25.Bxd5+ Bxd5 26.Qxd5+ Kh8 27.Nd6 Rxe3 28.fxe3 Qf2+
29.Kh1 Bxb4 30.Qg2 Qxe3 31.Qe4 Qxe4+ 32.Nxe4 Re8 33.Kg2 Kg8 34.Kf3  1-0

[Event "Bundesliga 2004-5"]
[Site "Koelln GER"]
[Date "2005.04.09"]
[Round "14"]
[White "Schulze,U"]
[Black "Vaganian,R"]
[Result "0-1"]
[WhiteElo "2333"]
[BlackElo "2631"]

1.Nf3 Nf6 2.c4 e6 3.g3 d5 4.Bg2 Be7 5.d4 O-O 6.O-O c6 7.Qc2 Nbd7 8.Bf4 b6
9.cxd5 cxd5 10.Nc3 Bb7 11.Rfc1 Rc8 12.Qd3 a6 13.a4 Ne4 14.Nd2 f5 15.f3 g5
16.Be3 Nd6 17.Bf2 Bf6 18.e4 Bg7 19.b3 fxe4 20.fxe4 Qf6 21.Qe2 Qxf2+  0-1

[Event "Bundesliga 2004-5"]
[Site "Hamburg GER"]
[Date "2005.04.10"]
[Round "15"]
[White "Ftacnik,L"]
[Black "Borriss,M"]
[Result "1/2-1/2"]
[WhiteElo "2540"]
[BlackElo "2439"]

1.d4 d5 2.c4 e6 3.Nf3 Nf6 4.g3 Be7 5.Bg2 O-O 6.O-O dxc4 7.Qc2 a6 8.a4 Bd7
9.Qxc4 Bc6 10.Bg5 Bd5 11.Qc2 Be4 12.Qd1 h6 13.Bxf6 Bxf6 14.Nc3 Bxf3 15.Bxf3 c6
16.Qb3 Qc7 17.Rfd1 Rd8 18.Ne4 Be7 19.a5 Nd7 20.e3 Nf6 21.Nd2 Rab8 22.Nc4 h5
23.h4 g6 24.Rac1 Kg7 25.Kg2 Bf8 26.e4 Qe7 27.Rc3 Rd7 28.Ne5 Rdd8 29.Rcd3 Qb4
30.Qa2 Qe7 31.Nc4 Qb4 32.b3 Qb5 33.Qa1 Be7 34.Re3 Kg8 35.Be2 Qb4 36.f4 Rd7
37.Ne5 Rdd8 38.Bc4 Qa3 39.Qb1 Bd6 40.Re2 Bxe5 41.fxe5 Ng4 42.d5 Qxa5 43.dxe6 Qxe5
44.exf7+ Kg7 45.Rf1 b5 46.Bd3 Rd7 47.b4 Rf8 48.Qc2 Qd4 49.e5 Ne3+ 50.Rxe3 Qxe3
51.Rf3 Qxe5 52.Bxg6 Rd6 53.Be4 Rxf7 54.Rxf7+ Kxf7 55.Bxc6 Kg7 56.Bf3 Rg6
57.Qf2 Rf6 58.Qd2 Rd6 59.Qc2 Rd7 60.Qc1 Rc7 61.Qd2 Re7 62.Qc1 Rd7 63.Qc8 Rc7
64.Qd8 Rc2+ 65.Kf1 Rc7 66.Kg2 Rc2+ 67.Kf1 Rc4 68.Kg2 Rxb4 69.Qd7+ Kf6 70.Qc6+ Ke7
71.Qb7+ Kf8 72.Qc8+ Ke7 73.Qb7+ Kf8 74.Qc8+  1/2-1/2

[Event "Bundesliga 2004-5"]
[Site "Tegernsee GER"]
[Date "2005.04.10"]
[Round "15"]
[White "Fridman,D2"]
[Black "Sokolov,And1"]
[Result "1/2-1/2"]
[WhiteElo "2562"]
[BlackElo "2598"]

1.d4 Nf6 2.c4 e6 3.g3 d5 4.Bg2 Be7 5.Nf3 O-O 6.O-O dxc4 7.Qc2 a6 8.a4 Bd7
9.Qxc4 Bc6 10.Bg5 Bd5 11.Qd3 c5 12.dxc5 Nbd7 13.Nc3 Nxc5 14.Qe3 Rc8 15.Rfd1 Re8
16.b4  1/2-1/2

[Event "7th Open"]
[Site "Dubai UAE"]
[Date "2005.04.11"]
[Round "8"]
[White "Kotsur,P"]
[Black "Kayumov,S"]
[Result "1-0"]
[WhiteElo "2599"]
[BlackElo "2400"]

1.c4 e6 2.d4 d5 3.Nf3 Nf6 4.g3 Be7 5.Bg2 O-O 6.O-O dxc4 7.Qc2 a6 8.a4 Bd7
9.Qxc4 Bc6 10.Bg5 Bd5 11.Qc2 Be4 12.Qc1 h6 13.Bf4 Nd5 14.Nc3 Nxf4 15.Qxf4 Bxf3
16.Qxf3 c6 17.Rfd1 a5 18.e4 Bd6 19.h4 Na6 20.Rd2 Qe7 21.e5 Bc7 22.Qg4 Rfd8
23.Rad1 Nb4 24.Be4 c5 25.d5 exd5 26.Nxd5 Nxd5 27.Rxd5 Rxd5 28.Rxd5 Rd8 29.Rxd8+ Bxd8
30.Qc8 Qc7 31.Qa8 Kf8 32.Bxb7 Ke7 33.f4 g5 34.Bf3 gxf4 35.gxf4 Qd7 36.Qa6 Qe6
37.Qa7+ Kf8 38.Qb8 Qe7 39.h5 Kg7 40.Qc8 Qh4 41.Kg2 Be7 42.Qb7 Bf8 43.Qe4 Qe7
44.Be2 Kg8 45.Bc4 Bg7 46.Qf5 Qb7+ 47.Kg3 Qe7 48.b3 Qe8 49.Bd5 Qe7 50.Kf3 Qe8
51.Ke4 Qe7 52.Kd3 Qe8 53.Kc4 Qe7 54.Qc8+ Bf8 55.Kb5 c4 56.Bxc4 Qh4 57.Qf5 Qe7
58.Qxf7+ Qxf7 59.Kxa5 Qxc4 60.bxc4 Kf7 61.Kb6 Ke6 62.a5  1-0

[Event "GMB"]
[Site "Gausdal NOR"]
[Date "2005.04.14"]
[Round "2"]
[White "Akesson,R"]
[Black "Tallaksen,G"]
[Result "1/2-1/2"]
[WhiteElo "2461"]
[BlackElo "2326"]

1.d4 Nf6 2.c4 e6 3.g3 d5 4.Bg2 Be7 5.Nf3 O-O 6.O-O dxc4 7.Ne5 Nc6 8.Bxc6 bxc6
9.Nxc6 Qe8 10.Nxe7+ Qxe7 11.Qa4 a5 12.Qxc4 Ba6 13.Qc2 Rfd8 14.Rd1 c5 15.dxc5 Rxd1+
16.Qxd1 Qxc5 17.Nc3 Ng4 18.Qf1 Qh5 19.h3 Ne5 20.Qg2 Rc8 21.Bf4 Nc4 22.b3 Nb6
23.Rd1 h6 24.Qe4 Qxh3 25.Rd6 Nd5 26.Nxd5 exd5 27.Qe7 Bb5 28.a4 Be8 29.Rxd5 Bc6
30.Rd8+ Kh7 31.f3 Rxd8 32.Qxd8 Qe6 33.Qd3+ Kg8 34.Bd2 Bd5 35.Bxa5 Bxb3 36.Bc3 Bxa4
37.Qd4 f6 38.Qxa4 Qe3+ 39.Kf1  1/2-1/2

[Event "ch-RUS u18"]
[Site "Nojabrsk RUS"]
[Date "2005.04.14"]
[Round "9"]
[White "Askarov,M"]
[Black "Zacurdajev,M"]
[Result "1/2-1/2"]
[WhiteElo "2455"]
[BlackElo "2314"]

1.c4 e6 2.g3 d5 3.Bg2 Nf6 4.Nf3 Be7 5.d4 dxc4 6.Ne5 c5 7.Qa4+ Nbd7 8.dxc5 O-O
9.Nxd7 Bxd7 10.c6 Bxc6 11.Bxc6 bxc6 12.Nc3 Nd5 13.Qxc4 Nxc3 14.Qxc3 Qd5 15.O-O Bf6
16.Qc2 Rab8 17.e4 Qh5 18.Rb1 c5 19.Bf4 Rbc8 20.Qd1 Qg6 21.e5 Bg5 22.Bxg5 Qxg5
23.Qe2 Rfd8  1/2-1/2

[Event "Torch Real Estate Cup"]
[Site "Jinan CHN"]
[Date "2005.04.22"]
[Round "3"]
[White "Xie Jianjun"]
[Black "Ji Dan"]
[Result "1/2-1/2"]
[WhiteElo "2391"]
[BlackElo "2226"]

1.d4 Nf6 2.c4 e6 3.g3 d5 4.Bg2 Be7 5.Nf3 O-O 6.O-O dxc4 7.Qc2 a6 8.a4 Bd7
9.Qxc4 Bc6 10.Bg5 b5 11.Qc2 Be4 12.Qc1 Nbd7 13.Nc3 Bc6 14.Nxb5 Bxf3 15.Bxf3 axb5
16.Bxa8 Qxa8 17.Qxc7 Bd8 18.Qc2 bxa4 19.Rxa4 Qb7 20.Rfa1 Bb6 21.Bxf6 Nxf6
22.Rb4 h6 23.Rb5 Rb8 24.Rc1 Qd7 25.Qd3 e5 26.dxe5 Bxf2+ 27.Kxf2 Rxb5 28.exf6 Qxd3
29.exd3 Rxb2+ 30.Ke3 Rxh2 31.fxg7 Kxg7 32.d4 Kf6 33.Rc6+ Ke7 34.Ke4 Rh5 35.Rc5 Rh1
36.Kd5 Re1 37.Kc6 Re3 38.d5 Rxg3 39.Rc1 Rd3 40.Re1+ Kf6 41.d6 h5 42.d7 h4
43.Re8 Kf5 44.d8=Q Rxd8 45.Rxd8 h3 46.Kd5 Kf4 47.Rh8 Kg3 48.Ke4 h2 49.Ke3 Kg2
50.Rg8+ Kf1  1/2-1/2

[Event "2nd Open"]
[Site "Porto Carras GRE"]
[Date "2005.04.23"]
[Round "2"]
[White "Mastrovasilis,A"]
[Black "Kalaitzoglou,P"]
[Result "1-0"]
[WhiteElo "2473"]
[BlackElo "2160"]

1.d4 Nf6 2.Nf3 e6 3.g3 d5 4.Bg2 Be7 5.c4 O-O 6.Qc2 Nc6 7.a3 a5 8.b3 Ne4 9.O-O f5
10.Bb2 Bf6 11.Rd1 Ne7 12.Nc3 c6 13.Na4 Ng6 14.Ne5 Nxe5 15.dxe5 Be7 16.c5 Bd7
17.b4 axb4 18.axb4 Be8 19.Nb6 Rb8 20.Ra3 Bg6 21.f4 h6 22.Bd4 Bf7 23.Rda1 g5
24.Ra8 Rxa8 25.Rxa8 Qc7 26.Qa2 gxf4 27.gxf4 Kg7 28.Rxf8 Bxf8 29.Bf3 Qe7 30.Qa1 Qh4
31.Be3 Be7 32.Nc8 Bd8 33.Nd6 Bh5 34.Nxb7 Bc7 35.Nd6 Qh3  1-0

[Event "Open"]
[Site "Metz FRA"]
[Date "2005.04.24"]
[Round "9"]
[White "Dunis,A"]
[Black "Marzolf,B"]
[Result "1-0"]
[WhiteElo "2485"]
[BlackElo "2270"]

1.Nf3 d5 2.c4 e6 3.d4 Nf6 4.g3 Be7 5.Bg2 O-O 6.O-O dxc4 7.Qc2 a6 8.Qxc4 b5
9.Qc2 Bb7 10.Bd2 Nbd7 11.Ba5 Bd6 12.Nbd2 Qe7 13.Bxc7 Bb4 14.Bf4 Rfd8 15.Rac1 Rac8
16.Qb1 Nd5 17.Nb3 Nxf4 18.gxf4 Nf6 19.Rxc8 Rxc8 20.Rc1 Rd8 21.Ne5 Bxg2 22.Kxg2 Qb7+
23.Kg1 Bd6 24.Qc2 Nd5 25.e3 Nb4 26.Nc5 Bxc5 27.Qxc5 Nxa2 28.Qc7 Qxc7 29.Rxc7 f6
30.Nd3 Rd6 31.b4 a5 32.bxa5 Ra6 33.Nc5 Rxa5 34.Nxe6 Ra6 35.Rxg7+ Kh8 36.Re7 h5
37.Nc7 Rb6 38.Nd5 Rd6 39.Ra7 Nc1 40.Nb4 f5 41.Rf7  1-0

[Event "Masters Open"]
[Site "Cutro ITA"]
[Date "2005.04.28"]
[Round "6"]
[White "Brancaleoni,M"]
[Black "Rizzo,G"]
[Result "1-0"]
[WhiteElo "2296"]
[BlackElo "2088"]

1.Nf3 Nf6 2.c4 e6 3.g3 d5 4.Bg2 Be7 5.d4 O-O 6.Qc2 Ne4 7.O-O f5 8.e3 Nd7
9.b3 c6 10.Ba3 b6 11.cxd5 Bxa3 12.Nxa3 Qe7 13.dxe6 Qxa3 14.exd7 Bxd7 15.Ne5 Qd6
16.Qc4+  1-0

[Event "TCh-RUS w"]
[Site "Sochi RUS"]
[Date "2005.04.28"]
[Round "10"]
[White "Stefanova,A"]
[Black "Molchanova,T"]
[Result "1-0"]
[WhiteElo "2495"]
[BlackElo "2315"]

1.d4 d5 2.c4 e6 3.Nf3 Nf6 4.g3 Be7 5.Bg2 O-O 6.O-O c6 7.Qc2 Nbd7 8.Nbd2 b6
9.e4 Bb7 10.e5 Ne8 11.cxd5 cxd5 12.Re1 Rc8 13.Qa4 Qc7 14.Bf1 a6 15.Bd3 Nb8
16.h4 a5 17.a3 Ba6 18.Bb1 f6 19.exf6 Bxf6 20.Nf1 Qf7 21.Bf4 h6 22.N1h2 Nd7
23.h5 Bg5 24.Bg6 Qe7 25.Nxg5 hxg5 26.Bxg5 Qxg5 27.Qxd7 Nc7 28.Rac1 Qd2 29.Ng4 Be2
30.h6  1-0

[Event "SME Open"]
[Site "Ostrava CZE"]
[Date "2005.05.04"]
[Round "5"]
[White "Kociscak,J"]
[Black "Chlevistan,J"]
[Result "1-0"]
[WhiteElo "2030"]
[BlackElo "2068"]

1.d4 Nf6 2.c4 e6 3.g3 d5 4.Bg2 Be7 5.Nf3 Nbd7 6.O-O O-O 7.b3 Ne4 8.Bb2 c6
9.Qc2 f5 10.Nc3 g5 11.Nxe4 fxe4 12.Nd2 Bf6 13.e3 e5 14.dxe5 Nxe5 15.Bxe5 Bxe5
16.Rad1 Qb6 17.Nb1 Be6 18.Nc3 Rac8 19.Na4 Qb4 20.Bxe4 b5 21.Bxh7+ Kh8 22.Nb2 Bxb2
23.Qxb2+ Kxh7 24.Qe5 Bh3 25.Qxg5 Bf5 26.cxd5 Bg6 27.d6 Rce8 28.Rd4 Qc3 29.Rh4+ Kg7
30.Qh6+ Kf7 31.Rf4+ Ke6 32.Qxg6+ Kd7 33.Rf7+  1-0

[Event "23rd Liechtenstein Open"]
[Site "Triesen LIE"]
[Date "2005.05.04"]
[Round "6"]
[White "Horvath,Jo1"]
[Black "Senff,M"]
[Result "1/2-1/2"]
[WhiteElo "2513"]
[BlackElo "2430"]

1.c4 e6 2.Nf3 d5 3.d4 Nf6 4.g3 Be7 5.Bg2 O-O 6.O-O dxc4 7.Qc2 a6 8.Qxc4 b5
9.Qc2 Bb7 10.Bd2 Ra7 11.Rc1 Be4 12.Qb3 Bd5 13.Qe3 Nbd7 14.Ba5 Qb8 15.Nbd2 Rc8
16.b4 Bd6 17.Qd3 Qa8 18.Ne1 Bxg2 19.Nxg2 e5 20.Ne3 exd4 21.Nf5 Bf8 22.Qf3  1/2-1/2

[Event "23rd Liechtenstein Open"]
[Site "Triesen LIE"]
[Date "2005.05.05"]
[Round "7"]
[White "Pribyl,Jo"]
[Black "Horvath,Jo1"]
[Result "0-1"]
[WhiteElo "2412"]
[BlackElo "2513"]

1.Nf3 Nf6 2.d4 e6 3.g3 d5 4.Bg2 Be7 5.c4 O-O 6.cxd5 exd5 7.O-O c6 8.Nc3 Bf5
9.Nh4 Be6 10.Qd3 Ne8 11.Nf5 Bf6 12.Rd1 Nd7 13.b3 g6 14.e4 dxe4 15.Nh6+ Kh8
16.Nxe4 Bg7 17.Ng5 Nc7 18.Be3 Nf6 19.Nxe6 Nxe6 20.Rac1 Nd5 21.Ng4 Qd6 22.Ne5 Rad8
23.Nf3 Kg8 24.Rd2 Rfe8 25.Rcd1 a6 26.Re2 Qb4 27.Bd2 Qb5 28.Qxb5 axb5 29.Kf1 Bf6
30.Be1 Ra8 31.Bh3 b4 32.Rc2 Nec7 33.Rd3 Nb5 34.Bd2 Nbc3 35.Bxc3 Nxc3 36.Re3 Red8
37.Ne5 Rxd4 38.Nd7 Kg7 39.Nb6 Ra6 40.Na4 Nxa4 41.bxa4 Rxa4 42.Bc8 Ra7 43.h4 Rd1+
44.Re1 Rxe1+ 45.Kxe1 Bc3+ 46.Ke2 b5 47.Bg4 c5 48.Kd1 c4 49.Bf3 Be5 50.Re2 Kf6
51.Be4 Ra3 52.Kc1 h5 53.Bd5 b3 54.axb3 cxb3 55.Be4 b2+ 56.Kd2 Ra1  0-1

[Event "ch-FRA National 1"]
[Site "Lille FRA"]
[Date "2005.05.08"]
[Round "11"]
[White "Bardel,S"]
[Black "Ouakhir,M"]
[Result "1/2-1/2"]
[WhiteElo "2277"]
[BlackElo "2248"]

1.c4 e6 2.Nf3 Nf6 3.g3 d5 4.Bg2 Be7 5.d4 O-O 6.O-O c6 7.Qc2 dxc4 8.Qxc4 Nbd7
9.Nc3 Nb6 10.Qb3 c5 11.dxc5 Bxc5 12.Bg5 h6 13.Bxf6 Qxf6 14.Ne4 Qf5 15.Nxc5 Qxc5
16.Rac1 Qh5 17.Qa3 Rd8 18.Rc5 Rd5 19.Rfc1 Bd7 20.Rxd5 Qxd5 21.Ne1 Qd2 22.Qc3 Qxc3
23.Rxc3 Rc8 24.Bxb7 Rxc3 25.bxc3 Na4 26.c4 Nc3 27.Nd3 Nxe2+ 28.Kf1 Nd4 29.Ke1 Bc6
30.Bxc6 Nxc6 31.Kd2 Kf8 32.Kc3 a5 33.Kb3 Ke7 34.Ka4 e5 35.Kb5 Kd6 36.a4 f5
37.Nc1 g5 38.Kb6 e4 39.Ne2 Ne5 40.c5+ Kd5 41.Kb5 Nf7 42.h4 Ne5 43.h5 Nc4
44.c6 Nd6+ 45.Kb6 Nc4+ 46.Ka6 Kxc6 47.Nd4+ Kc5 48.Nxf5 Kb4 49.Nxh6 Ne5 50.Nf5 Kxa4
51.h6 Nf7 52.h7 Kb4 53.Nd6 Nh8 54.Nb5 a4 55.Kb6 Kc4 56.Kc6 g4 57.Na3+ Kb3
58.Nb5 Kc4 59.Na3+ Kb3 60.Nb5 Kc4  1/2-1/2

[Event "FSIM May"]
[Site "Budapest HUN"]
[Date "2005.05.11"]
[Round "5"]
[White "Lundin,J"]
[Black "Lengyel,B"]
[Result "1/2-1/2"]
[WhiteElo "2259"]
[BlackElo "2302"]

1.d4 d5 2.Nf3 Nf6 3.c4 e6 4.g3 Be7 5.Bg2 O-O 6.O-O dxc4 7.Qc2 a6 8.a4 Bd7
9.Qxc4 Bc6 10.Qd3 Be4 11.Qe3 a5 12.Bd2 Nbd7 13.Nc3 Bc6 14.Qd3 Bb4 15.Rfe1 b6
16.Rec1 Bb7 17.Bf4 c5 18.Na2 Be4 19.Qd1 Qe7 20.Nxb4 cxb4 21.Ne5 Bxg2 22.Kxg2 Nd5
23.Qd2 Nxe5 24.Bxe5 f6 25.Bf4 Rac8 26.e4 Nxf4+ 27.Qxf4 Qd7 28.Qg4 f5 29.exf5 Rxf5
30.Qe4 Rd5 31.Rxc8+ Qxc8 32.Re1 Rd6 33.Re3 Qc6 34.Kf3 Qd7 35.Ke2 Rc6 36.h4 Qd5
37.Qxd5 exd5 38.Kd3 Kf7 39.Re5 Rd6 40.h5 g6 41.h6 Rd8 42.f4 Rd6 43.g4 Rd8
44.g5 Rd6 45.Re2 Rc6 46.Re5 Rd6 47.f5 gxf5 48.Rxf5+ Kg6 49.Re5 Rd7 50.Ke3 Kf7
51.Kf4 b5 52.axb5 a4 53.Rf5+ Ke8 54.Ke5 b3 55.b6 Rb7 56.Rf6 a3 57.bxa3 b2
58.Rf1 Rxb6 59.Rb1 Rg6 60.Kf5 Rb6 61.a4 Kd7 62.a5 Rb3 63.a6 Kc6 64.a7 Kb7
65.Ke5 Kxa7 66.Kxd5 Kb6 67.Kd6 Kb5 68.d5 Kc4 69.g6 Rb6+ 70.Ke5 Rxg6 71.Rxb2 Rg5+
72.Ke4 Rg4+  1/2-1/2

[Event "Capablanca Mem Mixto"]
[Site "Havana CUB"]
[Date "2005.05.14"]
[Round "7"]
[White "Mascaro March,P"]
[Black "Pazos Gambarrotti,P"]
[Result "1-0"]
[WhiteElo "2389"]
[BlackElo "2421"]

1.d4 Nf6 2.c4 e6 3.g3 d5 4.Nf3 Be7 5.Bg2 O-O 6.O-O dxc4 7.Qc2 b5 8.a4 c6
9.axb5 cxb5 10.Ng5 h6 11.Bxa8 hxg5 12.Bxg5 a6 13.Rd1 Nbd7 14.Bg2 Nd5 15.Bxe7 Qxe7
16.Nc3 N7b6 17.Nxd5 exd5 18.e4 Bb7 19.e5 Ra8 20.f4 a5 21.f5 Qg5 22.Qf2 a4
23.h4 Qh6 24.g4 b4 25.g5 Qc6 26.Re1 c3 27.e6 Nc4 28.g6 f6 29.e7 Re8 30.Qe2 Qb6  1-0

[Event "ch-ARM w"]
[Site "Yerevan ARM"]
[Date "2005.05.14"]
[Round "2"]
[White "Darbinian,N"]
[Black "Andriasian,S"]
[Result "1/2-1/2"]
[WhiteElo "2056"]
[BlackElo "2263"]

1.Nf3 d5 2.d4 Nf6 3.c4 e6 4.g3 Be7 5.Bg2 O-O 6.O-O dxc4 7.Ne5 c5 8.dxc5 Qc7
9.Nxc4 Bxc5 10.Be3 Bxe3 11.Nxe3 Rd8 12.Qc2 Nc6 13.Nd2 Qe7 14.Nb3 Bd7 15.Qc5 Qe8
16.Nc4 b6 17.Qd6 Nd5 18.Ne5 Nxe5 19.Qxe5 Rac8 20.Bxd5 exd5 21.Qxe8+ Rxe8
22.Nd4 g5 23.Rac1 Rc4 24.e3 Kg7 25.b3 Rc5 26.Kg2 h5 27.h3 Kg6 28.Rfd1 Rec8
29.Rb1 f5 30.Rb2 Kf6 31.Rbd2 Rc1 32.Rxc1 Rxc1 33.Rc2 Rxc2 34.Nxc2 Ke5 35.Kf3 Bb5
36.h4 Bd3 37.Nd4 Be4+ 38.Ke2 gxh4 39.gxh4 f4 40.Nc6+ Kf5 41.Nd4+ Ke5 42.Nc6+ Kf5
43.Nd4+ Ke5 44.Nc6+ Kd6 45.Nd4 fxe3 46.Kxe3 Bb1 47.a3 Ke5 48.f4+ Kf6 49.Kd2 a6
50.Kc3 Ke7 51.Ne2 Be4 52.Nd4 Kd6 53.b4 a5 54.Kd2 axb4 55.axb4 Ke7 56.Ke3 Kd6
57.Ne2 Kc6 58.Nd4+ Kd6  1/2-1/2

[Event "48th TCh-SCG"]
[Site "Herceg Novi SCG"]
[Date "2005.05.18"]
[Round "4"]
[White "Tadic,B"]
[Black "Stojanovic,Zo"]
[Result "1-0"]
[WhiteElo "2495"]
[BlackElo "2305"]

1.Nf3 Nf6 2.c4 e6 3.g3 d5 4.d4 Be7 5.Bg2 O-O 6.O-O dxc4 7.Ne5 c5 8.dxc5 Bxc5
9.Qxd8 Rxd8 10.Nd2 c3 11.bxc3 Nbd7 12.Nxd7 Rxd7 13.Nb3 Be7 14.c4 a5 15.a4 Rc7
16.c5 Nd7 17.Ba3 Ne5 18.Nd4 Bd7 19.Nb5 Bxb5 20.axb5 Rac8 21.Rfc1 Bxc5 22.Rxc5 Rxc5
23.Bxb7 R5c7 24.Bxc8 Rxc8 25.b6 Nc4 26.b7 Rb8 27.Rc1 Nb6 28.Bc5  1-0